| 000 | 00581nam a22002177a 4500 | ||
|---|---|---|---|
| 003 | OSt | ||
| 005 | 20220107122813.0 | ||
| 008 | 160517b xxu||||| |||| 00| 0 eng d | ||
| 020 | _a9788126541492 | ||
| 040 | _cIIITMK | ||
| 082 | _a542.8 JUR/C | ||
| 100 |
_aJurs, Peter C. _99476 |
||
| 245 |
_aComputer software applications in chemistry _cPeter C. Jurs |
||
| 250 | _a2 | ||
| 260 |
_aNew Delhi, _bWiley India Pvt Ltd, _c2013. |
||
| 300 | _ax, 291p. | ||
| 650 |
_aCHEMISTRY _99477 |
||
| 650 |
_aSOFTWARE APPLICATIONS _99478 |
||
| 650 |
_aDATA PROCESSING _99479 |
||
| 942 |
_2ddc _cBK |
||
| 999 |
_c5166 _d5166 |
||